Xóm chợ : Tiểu thuyết /

Guardado en:
Detalles Bibliográficos
Autor principal: Nguyễn Hiền Lương.
Formato: Sách giấy
Lenguaje:Vietnamese
Publicado: H. : Hội nhà văn, 2019.
Materias:
Etiquetas: Agregar Etiqueta
Sin Etiquetas, Sea el primero en etiquetar este registro!
Thư viện lưu trữ: Thư viện Trường Đại học Đà Lạt
LEADER 00714nam a2200301 4500
001 DLU200194820
005 ##20200805
020 # # |a 9786049840326 
040 # # |a DLU  |b vie 
041 # # |a vie 
044 # # |a vn 
082 # # |a 895.922 3  |b NG-L 
100 # # |a Nguyễn Hiền Lương. 
245 # # |a Xóm chợ :  |b Tiểu thuyết /  |c Nguyễn Hiền Lương. 
260 # # |a H. :  |b Hội nhà văn,  |c 2019. 
300 # # |a 489 tr. ;  |c 21 cm. 
650 # # |a Tiểu thuyết Việt Nam. 
923 # # |a 01/2020 
991 # # |a SH 
992 # # |a 19000 
994 # # |a DLU 
900 # # |a True 
911 # # |a Hoàng Thị Huyền 
925 # # |a G 
926 # # |a A 
927 # # |a SH 
980 # # |a Thư viện Trường Đại học Đà Lạt